Erfolg mit Werbebriefen

Uložené v:
Podrobná bibliografia
Médium: Kniha
Jazyk:German
Vydavateľské údaje: Thalwil-Zürich Emil Oesch 1944
Tagy: Pridať tag
Žiadne tagy, Buďte prvý, kto otaguje tento záznam!

MARC

LEADER 00000nam a2200000 4500
001 0267820
005 20240822101710.6
041 0 |a ger 
044 |a CH 
245 1 0 |a Erfolg mit Werbebriefen  |c Emil Oesch, J. Alber 
264 1 |a Thalwil-Zürich  |b Emil Oesch  |c 1944